| 000 | 00523 a2200217 4500 | ||
|---|---|---|---|
| 999 |
_c200435789 _d54001 |
||
| 003 | TR-AnTOB | ||
| 005 | 20200217093802.0 | ||
| 008 | 200217b xxu||||| |||| 00| 0 tur d | ||
| 020 | _a9786059823111 | ||
| 040 |
_aTR-AnTOB _cTR-AnTOB |
||
| 041 | 1 |
_atur _heng |
|
| 100 | _aVeljanovski, C. G. | ||
| 245 | _aHukuk ve Ekonomi / | ||
| 260 | _c2016 | ||
| 264 | _c2016 | ||
| 336 |
_2rdacontent _atext _btxt |
||
| 337 |
_2rdamedia _aunmediated _bn |
||
| 338 |
_2rdacarrier _avolume _bnc |
||
| 942 |
_2lcc _cBK |
||